| 000 | 01647cam a2200421 i 4500 | ||
|---|---|---|---|
| 999 |
_c14501 _d14501 |
||
| 001 | 20358990 | ||
| 003 | OSt | ||
| 005 | 20190930194250.0 | ||
| 008 | 180215t20162016ja a 000 0 eng d | ||
| 010 | _a 2016478463 | ||
| 020 | _a9780804844918 (v. 1 : paperback) | ||
| 020 | _a0804844917 (v. 1 : paperback) | ||
| 035 | _a(OCoLC)ocn972901188 | ||
| 040 |
_aPNX _beng _cPNX _erda _dOCLCO _dFM0 _dOCLCF _dNZAUC _dYDX _dDLC |
||
| 041 | 0 |
_aeng _achi |
|
| 042 | _alccopycat | ||
| 050 | 0 | 0 |
_aPL1171 _b.R46 2017 |
| 082 | 0 | 4 |
_a2016 _2DC 495.111 _bR290 |
| 100 | 1 |
_aRen, Yi, _eauthor. _940077 |
|
| 245 | 1 | 0 |
_aLearning Mandarin Chinese characters: _nVolume 1/ _cYi Ren. |
| 264 | 1 |
_aClarendon, VT: _bTuttle Publishing, |
|
| 264 | 4 | _c©2016. | |
| 300 |
_a128 pages; _c26 cm. |
||
| 336 |
_atext _2rdacontent |
||
| 337 |
_aunmediated _2rdamedia |
||
| 338 |
_avolume _2rdacarrier |
||
| 500 | _aInclude index. | ||
| 520 | _a"This new workbook helps you to learn the basic Mandarin chinese characters and vocabulary that all beginning students need to know"-- Back cover. | ||
| 650 | 0 |
_aChinese characters. _940078 |
|
| 650 | 0 |
_aChinese language _vTextbooks for foreign speakers _xEnglish. _940079 |
|
| 650 | 0 |
_aMandarin dialects. _940080 |
|
| 650 | 7 |
_aChinese characters. _2fast _0(OCoLC)fst00857298 _940078 |
|
| 650 | 7 |
_aChinese language. _2fast _0(OCoLC)fst00857383 _940081 |
|
| 655 | 7 |
_aTextbooks _vfor English speakers. _2fast _0(OCoLC)fst01423865 _940082 |
|
| 906 |
_a7 _bcbc _ccopycat _d2 _encip _f20 _gy-gencatlg |
||
| 942 |
_2ddc _cDC |
||